Miasta z najstarszymi Kościołami w Polsce - Statystyki

Ogólne statystyki
  • Ten quiz został rozwiązany 44 razy
  • Średni wynik to 11 z 23
Statystyki odpowiedzi
Datowanie powstania Miejscowość (wyświetla się nazwa Świątyni) % Poprawnych
ok. 1000 Bazylika archikatedralna św. Stanisława i św. Wacława w Krakowie
92%
79-1098 Kościół św. Andrzeja w Krakowie
92%
X/XI w. Kościół św. Wojciecha w Krakowie
92%
II poł. XI w. Opactwo Benedyktynów w Tyńcu
92%
ok. 970 Rotunda Najświętszej Marii Panny na Wawelu
92%
ok. 970 Katedra Gnieźnieńska
89%
lata 80. X w. Bazylika archikatedralna Świętych Apostołów Piotra i Pawła w Poznaniu
86%
ok. 965 Kaplica Maryi Panny przy Palatium na Ostrowie Tumskim w Poznaniu
86%
koniec XI w. Kościół św. Jana Jerozolimskiego za murami w Poznaniu
86%
XI/XII w. Bazylika katedralna Wniebowzięcia Najświętszej Maryi Panny w Płocku
54%
XII w. Rotunda św. Mikołaja w Cieszynie
38%
XII/XIII w. Kościół św. Jakuba w Sandomierzu
32%
1120-1140 Bazylika kolegiacka św. Piotra i Pawła w Kruszwicy
24%
XII/XIII w. Kościół Imienia Najświętszej Maryi Panny w Inowrocławiu
24%
lata 40-60 XII w. Kolegiata w Tumie
22%
XII w. Kościół św. Idziego w Inowłodzu
14%
XII/XIII w. Kościół Świętej Trójcy i Najświętszej Marii Panny w Strzelnie
11%
XII/XIII w. Rotunda św. Prokopa w Strzelnie
11%
XII/XIII w. Archiopactwo Cystersów w Jędrzejowie
8%
XI w., I poł. XII w. Kościół Narodzenia Najświętszej Marii Panny w Lubiniu
5%
1045 - 1073 Kościół Świętych Andrzeja Świerada i Benedykta w Tropiu
5%
XII w. Kościół św. Jana Chrzciciela w Siewierzu
5%
XII/XIII w. Opactwo Cystersów w Sulejowie
3%
Nie znaleziono quizów pasujących do podanych kryteriów
Rozkład punktacji
Procent ludzi z każdym wynikiem
Percentyl według liczby udzielonych odpowiedzi
Twoja historia wyników
Nie rozwiązałeś tego quizu